| 000 | 00437cam a2200181ua 4500 | ||
|---|---|---|---|
| 020 | _cRs 9.00 | ||
| 041 |
_ahin _h |
||
| 082 |
_a891.54 _bPRA/HU |
||
| 100 | _aPrabothkumar, Sanyal . | ||
| 245 |
_aHusnubanu / _cPrabothkumar Sanyal. _hTextual Documents |
||
| 250 |
_a1 / _b. |
||
| 260 |
_aDelhi : _bRajkamal Prakash , _c1962. |
||
| 300 | _a505 ; . | ||
| 365 | _aRs 9.00 | ||
| 504 | _a | ||
| 942 | _cBK | ||
| 999 |
_c3589 _d3589 |
||